000 01351nam a2200229Ia 4500
003 Ost
005 20260507075803.0
008 260507s9999||||xx |||||||||||||| ||und||
020 _a9789961673034
040 _cfsecg
041 _aara
082 _a330.01
100 _aحروش، رفيقة
_eمؤلف
245 0 _aالاقتصاد السياسي /
_c رفيقة حروش
260 _aالجزائر:
_bدار الأمة للطباعة والنشر والتوزيع,
_c2011
300 _a334 صفحة؛
_bإيضاحات ؛
_c24 سم
504 _aبيبيليوغرافيا: ص ص.323-327
520 _aيضم المشكلة الاقتصادية، عملية الاقتصاد السياسي وعلاقته بالعلوم الأخرى، الفكر الاقتصادي عند ابن خلدون، الفكر الاقتصادي عند تقي الدين المقريزي، التيار التجاري، التيار الطبيعي، المدرسة الكلاسيكية، المدرسة الماركسية، المدرسة النيوكلاسيكية، المدرسة الكينزية، الاتجاهات الحديثة في الاقتصاد السياسي، الأنظمة الاقتصادية، النظام الاقتصادي الاسلامي.
653 _aالاقتصاد
653 _aالاقتصاد- نظريات
942 _cكتاب
999 _c46331
_d46331